HRM in Tourism and Hospitality Management (Record no. 648)

MARC details
000 -LEADER
Fixed length control field 00478nam a2200169 4500
003 - CONTROL NUMBER IDENTIFIER
Control field SEACOMMC
005 - DATE AND TIME OF LATEST TRANSACTION
Control field 20250421155034.0
008 - FIXED-LENGTH DATA ELEMENTS--GENERAL INFORMATION
Fixed length control field 241014b |||||||| |||| 00| 0 eng d
020 ## - INTERNATIONAL STANDARD BOOK NUMBER / ISBN
International Standard Book Number 978-81-31504-02-4
Price Rs.225.00
040 ## - CATALOGING SOURCE
Original cataloging agency SEACOMMC
082 ## - DEWEY DECIMAL CLASSIFICATION NUMBER
Classification number 338.47
Book Number L 479
100 ## - MAIN ENTRY--PERSONAL NAME
Personal name Lee-Ross, Darren
245 1# - TITLE STATEMENT
Title HRM in Tourism and Hospitality Management
Statement of responsibility Darren Lee-Ross
260 ## - IMPRINT
Place of publication Singapore
Name of publisher Thomson
Date of publication 2004
650 ## - SUBJECT ADDED ENTRY--TOPICAL TERM
Topical term Environment & Sustainable Tourism
942 ## - ADDED ENTRY ELEMENTS (KOHA)
Koha item type Books
Holdings
Withdrawn status Lost status Source of classification Damaged status Not for loan Home library Current library Date acquired Total Checkouts Call number Accession number Date last seen Price effective from Koha item type
    Dewey Decimal Classification     SEACOM MANAGEMENT COLLEGE SEACOM MANAGEMENT COLLEGE 11/10/2007   338.47 L 479 M-477 14/10/2024 14/10/2024 Books
© Seacom Engineering College, All rights reserved.    Powered by Koha